000
00303nam a2200133Ia 4500
005
20260326100041.0
008
260326s9999||||xx |||||||||||||| ||und||
100
_a
Pijoán, José
245
0
_a
Historia del Arte /
_c
José Pijoán
260
_b
Salvat
300
_a
113 p.
650
_a
ARTE
942
_c
BK
999
_c
7000
_d
7000